00639cam a22001934a 4500020003200000020001500032020003500047040000800082082002600090100002400116245004000140250001200180260004100192300008100233490007200314650001700386700002200403700002000425 a007233777X (acidfree paper) a0072416270 a0071180281 (International ed.) cDLC00a658 HIL 2001 A055 Or.1 aBrealey, Richard A.10aFundamentals of corporate finance / a3rd ed. aBoston :bMcGraw-Hill/Irwin,cc2001. axxxi, 798 p. :bill. ;c27 cm. +e1 computer laser optical disc (4 3/4 in.).1 aThe McGraw-Hill/Irwin series in finance, insurance, and real estate00aCorporations1 aMyers, Stewart C.1 aMarcus, Alan J.